TRUST THE SOCIAL VIRTUES AND THE CREATIO (Record no. 21268)

MARC details
000 -LEADER
fixed length control field 00333nam a2200133Ia 4500
008 - FIXED-LENGTH DATA ELEMENTS--GENERAL INFORMATION
fixed length control field 240624s9999 xx 000 0 und d
041 ## - LANGUAGE CODE
Language code of text/sound track or separate title eng
082 ## - DEWEY DECIMAL CLASSIFICATION NUMBER
Classification number 306.3 FUK
100 ## - MAIN ENTRY--PERSONAL NAME
Personal name FUKUYAMA FRANCIS
245 ## - TITLE STATEMENT
Title TRUST THE SOCIAL VIRTUES AND THE CREATIO
260 ## - PUBLICATION, DISTRIBUTION, ETC.
Date of publication, distribution, etc. 1996
Place of publication, distribution, etc. New York
Name of publisher, distributor, etc. Free Press
300 ## - PHYSICAL DESCRIPTION
Extent 480 : p.
365 ## - TRADE PRICE
Currency code
Price amount 25
Holdings
Withdrawn status Lost status Damaged status Not for loan Home library Current library Shelving location Date acquired Source of acquisition Cost, normal purchase price Full call number Barcode Date last seen Copy number Price effective from Koha item type
        IMTN IMTN Rack 6-B 05/22/2013 IBH 18.00 306.3 FUK 21268 06/24/2024 57.3 06/24/2024 Books
Designed & Maintained by: LRC IMT Nagpur Contact: lrc@imtnag.ac.in© 2024. All Rights Reserved.